Flora y fauna silvestre de la comunidad Wounaan San Bernardo / (Registro nro. 2797)

Detalles MARC
000 -CABECERA
Campo de control 01190cam a2200313 a 4500
005 - FECHA Y HORA DE LA ULTIMA TRANSACCION
Campo de control 20161019095148.0
008 - ELEMENTOS DE LONGITUD FIJA—INFORMACION GENERAL
Campo de control 020415s1999 ck a r 00010 spa d
040 ## - FUENTE DE CATALOGACIÓN
Agencia catalogadora original la
Agencia transcriptora la
Agencia Modificadora CO-BoIAVH
041 0# - IDIOMA
Código de idioma para texto/pista de sonido o título separado Español
044 ## - PAÍS DE PUBLICACIÓN
País de publicación Colombia
090 ## - CLASIFICACIÓN LOCAL
Colección FG-
Consecutivo 0078
100 1# - ASIENTO PRINCIPAL--NOMBRE PERSONAL
Nombre personal Usma Oviedo, Martha Cecilia
Término relacionado autora
9 (RLIN) 9991
245 10 - MENCION DE TITULO
Título Flora y fauna silvestre de la comunidad Wounaan San Bernardo /
Mención de responsabilidad Martha Cecilia Usma Oviedo, Héctor Javier Ruiz Palma ; dibujos Marcial Donisabe Piraza.
260 ## - PUBLICACION, DISTRIBUCION, ETC. (PIE DE IMPRENTA)
Lugar de publicación, distribución, etc. [Cali?] :
Nombre del editor, distribuidor, etc. Ecofondo,
Fecha de publicación, distribución, etc. 1999.
300 ## - DESCRIPCION FISICA
Extensión 5 volumenes :
Otros detalles físicos ilustraciones a color ;
Dimensiones 28 x 17 cm.
505 0# - NOTA DE CONTENIDO
Nota de contenido v.1 Plantas alimenticias.
505 0# - NOTA DE CONTENIDO
Nota de contenido v.2 Plantas maderables.
505 0# - NOTA DE CONTENIDO
Nota de contenido v.3 Plantas artesanales.
505 0# - NOTA DE CONTENIDO
Nota de contenido v.4 Fauna de cacería.
505 0# - NOTA DE CONTENIDO
Nota de contenido v.5 Fauna de pesca.
650 26 - ASIENTO SECUNDARIO DE MATERIA - TERMINO TEMATICO
Término temático o nombre geográfico como elemento de entrada Flora
Subdivisión geográfica Colombia
9 (RLIN) 76985
650 24 - ASIENTO SECUNDARIO DE MATERIA - TERMINO TEMATICO
Término temático o nombre geográfico como elemento de entrada Flora silvestre
Subdivisión geográfica Colombia
9 (RLIN) 76986
650 24 - ASIENTO SECUNDARIO DE MATERIA - TERMINO TEMATICO
Término temático o nombre geográfico como elemento de entrada Fauna silvestre
Subdivisión geográfica Colombia
9 (RLIN) 76987
650 24 - ASIENTO SECUNDARIO DE MATERIA - TERMINO TEMATICO
Término temático o nombre geográfico como elemento de entrada Conservación de la vida silvestre
Subdivisión geográfica Colombia
9 (RLIN) 76988
650 26 - ASIENTO SECUNDARIO DE MATERIA - TERMINO TEMATICO
Término temático o nombre geográfico como elemento de entrada Conservación de la naturaleza
Subdivisión geográfica Colombia
9 (RLIN) 76989
700 1# - ASIENTO SECUNDARIO - NOMBRE PERSONAL
Nombre personal Ruiz Palma, Héctor Javier
Término de relación autor
9 (RLIN) 17480
700 1# - ASIENTO SECUNDARIO - NOMBRE PERSONAL
Nombre personal Donisabe Piraza, Marcial
Término de relación ilustrador
9 (RLIN) 76984
942 ## - ELEMENTOS ADICIONALES (KOHA)
Sistema de clasificación Local
Tipo de ítem Folleto
Existencias
Withdrawn status Lost status Sistema de Clasificación Damaged status No para préstamo Colección Inventariado Ubicación Permanente Ubicación actual Fecha de adquisición Total Checkouts Número topográfico Inventario / Código de Barras Date last seen Ejemplar Price effective from Forma de adquisición Tipo de material Total Renewals Date checked out Fuente de Valor
    Local     Hemeroteca Inventariado 2017 Bogotá Bogotá 03/07/2002   FG-0078 003275 04/12/2012 V.2 Ej.1 04/12/2012 Donación Folleto      
    Local     Hemeroteca Inventariado 2017 Bogotá Bogotá 03/07/2002   FG-0078 003276 04/12/2012 V.5 Ej.1 04/12/2012 Donación Folleto      
    Local     Hemeroteca Inventariado 2017 Bogotá Bogotá 03/07/2002   FG-0078 015813 04/12/2012 V.1 Ej.2 04/12/2012 Donación Folleto      
    Local     Hemeroteca Inventariado 2017 Bogotá Bogotá 03/07/2002 1 FG-0078 015814 03/12/2018 V.4 Ej.1 04/12/2012 Donación Folleto 1 24/10/2018  
    Local     Hemeroteca Inventariado 2017 Bogotá Bogotá 13/07/2005   FG-0078 019394 04/12/2012 V.1 Ej.1 04/12/2012 Donación Folleto     Cavelier, Inés